Estudio de factibilidad de información electrónica para publicidad turística de la asociación FINCAMAR
Estudio de factibilidad de comercio electrónico para publicidad turística, contiene estudio de factibilidad del sistema FINCAMAR en el occidente de Nicaragua, beneficios del sistema de la asociación hacia el sector turismo y la propuesta de herramientas tecnológicas necesarias para la automatiza...
| Main Authors: | , |
|---|---|
| Other Authors: | |
| Format: | Tesis Section = Libro |
| Language: | Undetermined Spanish |
| Published: |
Managua
UNI
2011
|
| Subjects: |
| LEADER | 01161nam a2200253Ia 4500 | ||
|---|---|---|---|
| 008 | 240830s9999 xx 000 0 und d | ||
| 040 | |a BIBLIOTECA-RUSB/ T.Mon 658.84 Z57 | ||
| 041 | |a spa | ||
| 082 | |a T.Mon 658.84 Z57 | ||
| 100 | 1 | |a Zepeda Ortega, José Abraham | |
| 100 | 1 | |b Zeledón Gutiérrez, Oscar Antonio | |
| 245 | 1 | 0 | |a Estudio de factibilidad de información electrónica para publicidad turística de la asociación FINCAMAR |
| 260 | |a Managua |b UNI |c 2011 | ||
| 300 | |a 637 p. :il. | ||
| 502 | |a Tesis (Ingeniero en Computación) - UNI, 2011. | ||
| 520 | 3 | |a Estudio de factibilidad de comercio electrónico para publicidad turística, contiene estudio de factibilidad del sistema FINCAMAR en el occidente de Nicaragua, beneficios del sistema de la asociación hacia el sector turismo y la propuesta de herramientas tecnológicas necesarias para la automatización del sistema. | |
| 650 | 7 | |a MERCADEO - SECTOR TURÍSTICO | |
| 650 | 7 | |b COMERCIO ELECTRÓNICO | |
| 650 | 7 | |c VENTAS POR INTERNET | |
| 650 | 7 | |d ESTRATEGIAS DE NEGOCIO | |
| 700 | 1 | |a Tutor: |b Chávez Mairena, Luis Eduardo | |
| 942 | |c BK |2 ddc | ||
| 991 | |a TESIS | ||
| 999 | |c 21928 | ||